Masia Mariona : un exemple d'arquitectura noucentista al Montseny : Parc Natural del Montseny : reserva de la Biosfera un exemple d'arquitectura noucentista al Montseny :
Publicado:
Barcelona :
Diputació de Barcelona. Àrea de Territori i Sostenibilitat. Gerència de Serveis d'Espais Naturals ,
2012
Descripción Física:
1 f. plegat en 4 parts ; 21 cm
Colección:
Equipaments culturals
MARC
| LEADER | 00000nam a2200000Ia 4500 | ||
|---|---|---|---|
| 001 | 23803 | ||
| 008 | 160829s2012 xx 000 0 cat d | ||
| 080 | |a FU-62-45 | ||
| 245 | |a Masia Mariona : |b un exemple d'arquitectura noucentista al Montseny : |b Parc Natural del Montseny : |b reserva de la Biosfera | ||
| 260 | |a Barcelona : |b Diputació de Barcelona. Àrea de Territori i Sostenibilitat. Gerència de Serveis d'Espais Naturals, |c 2012 | ||
| 300 | |a 1 f. plegat en 4 parts ; |c 21 cm | ||
| 490 | |a Equipaments culturals | ||
| 650 | |a Parc Natural del Montseny (Catalunya) |x Equipaments culturals |9 50129 | ||
| 650 | |a Noucentisme (Arquitectura) |x Masia Mariona |9 50130 | ||
| 710 | 1 | |a Barcelona (Catalunya : Província). |b Gerència de Serveis d’Espais Naturals |9 52730 | |
| 710 | 1 | |a Girona (Catalunya : Província). |b Diputació |9 11479 | |
| 901 | |a Arxiu | ||
| 942 | |n 1 | ||
| 952 | |0 0 |1 0 |4 0 |6 FU6245 |7 1 |9 55800 |a Arxiu |b Arxiu |d 2016-12-01 |l 0 |o FU-62-45 |p 23803 |r 2016-12-01 00:00:00 |w 2016-12-01 |y ARXIU | ||
| 999 | |c 59673 |d 59673 | ||